00453nam a2200145Ia 4500100002200000942000700022654001600029245006200045260003300107082002100140300000800161546001200169999001700181952010900198 aShammas/ Namir C  cBK aMathematics aC/C++ Mathematical algerithms for Scientist & Engineers bMc Graw HillaNew yorkc1995 a51940285513bSHA a304 aENGLISH c26113d26113 001040708CRCaCRCEbCRCEc1429 | 33d2023-03-17l0o51940285513 SHAp8279r2023-03-17w2023-03-17yBK